[Event "29th Czech Open A 2018"]
[Site "Pardubice CZE"]
[Date "2018.07.20"]
[Round "1.75"]
[White "Gorbatov, Alexej"]
[Black "Milikow, Yoav"]
[Result "1/2-1/2"]
[WhiteTitle "IM"]
[WhiteElo "2409"]
[BlackElo "2161"]
[WhiteFideId "4111834"]
[BlackFideId "2822237"]
[EventDate "2018.07.20"]

1. Nf3 Nf6 2. b3 g6 3. Bb2 Bg7 4. g3 O-O 5. Bg2 d5 6. c4 c6 7. O-O Bf5 8. d3 Re8
9. Nbd2 Nbd7 10. cxd5 cxd5 11. Nd4 Nb8 12. Nxf5 gxf5 13. b4 e6 14. Qb3 Nc6 15.
a4 f4 16. b5 Ne7 17. gxf4 Nf5 18. Nf3 d4 19. Rfe1 Nd5 20. Bc1 Rc8 21. Bd2 Nfe3
22. Rac1 Rxc1 23. Bxc1 Nxg2 24. Kxg2 Qd6 25. Bd2 Nxf4+ 26. Bxf4 Qxf4 27. Qc4 Kh8
28. Kh1 e5 29. Qc7 Qf6 30. Qxb7 e4 31. dxe4 d3 32. Qc6 Rd8 33. Qxf6 Bxf6 34.
exd3 Rxd3 35. Kg2 Ra3 36. e5 Be7 37. Re4 Ra2 38. Rc4 Kg7 39. Nd4 Bd8 40. Rc6
Rxa4 41. Nf5+ Kf8 42. Kg3 Rb4 43. Rc8 Ke8 44. Ra8 Kd7 45. Rxa7+ Ke6 46. Nd6 f6
47. Ra8 Bc7 48. Ra7 Bxd6 49. exd6 Rxb5 50. Rxh7 Kxd6 51. h4 Ke6 52. Kg4 Rb2 53.
Kg3 Kf5 54. Rg7 Rb3+ 55. f3 Rb1 56. Kf2 Rh1 57. Rg4 Ra1 58. Kg2 Ra2+ 59. Kg3 Ra1
60. Kh2 Ra3 61. Rg3 Ra4 62. Kh3 Ra3 63. Kg2 Ra2+ 64. Kh3 Ra3 65. Kh2 Ra4 66. Rh3
Kg6 67. Kg3 Kh5 68. Rh2 f5 69. Rc2 Rxh4 70. Rc5 Kg5 71. Rxf5+ Kxf5 72. Kxh4 Kf4
73. Kh5 Kg3 74. Kg5 Kxf3 1/2-1/2

[Event "29th Czech Open A 2018"]
[Site "Pardubice CZE"]
[Date "2018.07.20"]
[Round "1.76"]
[White "Ajay Krishna, S"]
[Black "Sadhwani, Raunak"]
[Result "1/2-1/2"]
[BlackTitle "FM"]
[WhiteElo "2161"]
[BlackElo "2409"]
[WhiteFideId "5096430"]
[BlackFideId "35093487"]
[EventDate "2018.07.20"]

1. d4 Nf6 2. Bf4 g6 3. Nc3 d5 4. e3 Bg7 5. h4 O-O 6. h5 Nxh5 7. Rxh5 gxh5 8.
Qxh5 c6 9. Bd3 f5 10. Nf3 Nd7 11. O-O-O Nf6 12. Qh4 e5 13. Nxe5 Ne4 14. Qh2 Nxf2
15. Rf1 Bxe5 16. Bxe5 Ng4 17. Qg3 Qg5 18. Bf4 Qh5 19. Nd1 Rf7 20. Nf2 Rg7 21.
Be2 Qg6 22. Nd3 Bd7 23. Qh3 Re8 24. Rf3 Ree7 25. Rg3 Be8 26. Be5 Nxe5 27. Rxg6
Nxd3+ 28. Bxd3 hxg6 29. Kd2 Re6 30. g4 fxg4 31. Qxg4 Bd7 32. Qg5 Ree7 33. c4
dxc4 34. Bxc4+ Be6 35. b3 Re8 36. Kd3 Bf7 37. e4 b5 38. Bxf7+ Kxf7 39. d5 cxd5
40. exd5 Kg8 41. Kd4 Kh7 42. Qh4+ Kg8 43. Qg5 Kh7 44. Qh4+ 1/2-1/2

[Event "29th Czech Open A 2018"]
[Site "Pardubice CZE"]
[Date "2018.07.20"]
[Round "1.77"]
[White "Tomazini, Zan"]
[Black "Eriksson, Christian Altenburg"]
[Result "1-0"]
[WhiteTitle "IM"]
[WhiteElo "2406"]
[BlackElo "2159"]
[WhiteFideId "14608162"]
[BlackFideId "1412159"]
[EventDate "2018.07.20"]

1. e4 c5 2. Nf3 e6 3. c3 Nf6 4. e5 Nd5 5. d4 cxd4 6. cxd4 d6 7. Bc4 Be7 8. O-O
O-O 9. Qe2 b6 10. Rd1 Bb7 11. Bxd5 Bxd5 12. Nc3 Bxf3 13. Qxf3 d5 14. Qh5 f5 15.
Rd3 Qe8 16. Qf3 Nc6 17. Ne2 Nb4 18. Rc3 Rc8 19. a3 Nc6 20. b4 b5 21. Qd3 a6 22.
Bd2 Qd7 23. Nc1 Na7 24. Nb3 Rc4 25. Qg3 Rxc3 26. Qxc3 Rc8 27. Qg3 Rc4 28. Bh6
Bf8 29. Rd1 Qf7 30. Bg5 Qh5 31. Rd3 Nc6 32. h3 Qg6 33. Qe3 Qh5 34. Bf4 h6 35.
Qe1 Kh7 36. Bd2 Qh4 37. Bc3 Qe4 38. Qf1 Qh4 39. Nd2 Rxc3 40. Rxc3 Nxd4 41. Qd3
Qf4 42. Qe3 Qxe3 43. Rxe3 Kg6 44. Rd3 Nc6 45. Nf3 Nd8 46. Rc3 a5 47. Rc8 1-0

[Event "29th Czech Open A 2018"]
[Site "Pardubice CZE"]
[Date "2018.07.20"]
[Round "1.78"]
[White "Bulockin, Martin"]
[Black "Potapov, Alexander1"]
[Result "0-1"]
[BlackTitle "GM"]
[WhiteElo "2154"]
[BlackElo "2404"]
[WhiteFideId "371610"]
[BlackFideId "4115074"]
[EventDate "2018.07.20"]

1. e4 e5 2. Nf3 Nc6 3. Bb5 a6 4. Ba4 Nf6 5. O-O b5 6. Bb3 Bb7 7. Re1 Bc5 8. c3
d6 9. d4 Bb6 10. a4 O-O 11. d5 Ne7 12. axb5 axb5 13. Rxa8 Bxa8 14. Qd3 c6 15.
dxc6 Bxc6 16. Bg5 Ng6 17. Nh4 Bxf2+ 18. Kxf2 Ng4+ 19. Kg1 Qxg5 20. Nxg6 Qxg6 21.
Nd2 d5 22. Qg3 dxe4 23. h3 Nf6 24. Qxg6 hxg6 25. Bc2 Rd8 26. Nxe4 Bxe4 27. Bxe4
Nxe4 28. Rxe4 Rd5 29. Rb4 f5 30. c4 Rd1+ 31. Kh2 bxc4 32. Rxc4 Kf7 33. h4 f4 34.
b4 Ke6 35. Rc8 Rb1 36. Rb8 Kf5 37. Rb5 Re1 38. Rb7 g5 39. hxg5 g6 40. b5 Rb1 41.
b6 Kxg5 42. Rb8 e4 43. g3 f3 44. b7 f2 45. Rf8 e3 46. Kg2 e2 0-1

[Event "29th Czech Open A 2018"]
[Site "Pardubice CZE"]
[Date "2018.07.20"]
[Round "1.79"]
[White "Popov, Mikhail"]
[Black "Bartos, Jan"]
[Result "1/2-1/2"]
[WhiteTitle "FM"]
[BlackTitle "FM"]
[WhiteElo "2404"]
[BlackElo "2153"]
[WhiteFideId "4146182"]
[BlackFideId "315060"]
[EventDate "2018.07.20"]

1. c4 e6 2. g3 Nf6 3. Bg2 d5 4. Nf3 dxc4 5. Qa4+ Nbd7 6. Qxc4 c5 7. O-O Be7 8.
d3 O-O 9. Qc2 Nd5 10. a3 b6 11. Nbd2 Bb7 12. e4 N5f6 13. b3 Rc8 14. Bb2 Nb8 15.
Rad1 Nc6 16. Qb1 Ba6 17. Nc4 b5 18. Nce5 Nxe5 19. Nxe5 Nd7 20. Nf3 Bf6 21. d4 c4
22. bxc4 bxc4 23. Bc3 Rb8 24. Qc2 Nb6 25. a4 Qd7 26. Ra1 Rfd8 27. Rfd1 Qc7 28.
a5 Nc8 29. e5 Be7 30. Nd2 Bf8 31. Ne4 h6 32. Qe2 Rb3 33. Rdc1 Rb8 34. Qg4 Ne7
35. Rd1 Rb3 36. Rac1 Nd5 37. Nf6+ Kh8 38. Nxd5 exd5 39. Qh5 Bc8 40. Bd2 Be6 41.
Rf1 Qe7 42. Qe2 Qd7 1/2-1/2

[Event "29th Czech Open A 2018"]
[Site "Pardubice CZE"]
[Date "2018.07.20"]
[Round "1.80"]
[White "Kyrychenko, Maryan"]
[Black "Manik, Mikulas"]
[Result "0-1"]
[WhiteTitle "FM"]
[BlackTitle "GM"]
[WhiteElo "2152"]
[BlackElo "2400"]
[WhiteFideId "14137178"]
[BlackFideId "14900734"]
[EventDate "2018.07.20"]

1. d4 Nf6 2. c4 g6 3. Nc3 Bg7 4. e4 d6 5. Be2 O-O 6. Bg5 Na6 7. f4 c6 8. Nf3 Nc7
9. Qd2 d5 10. cxd5 cxd5 11. Bxf6 exf6 12. e5 Bf5 13. O-O Be4 14. Rac1 Ne6 15.
Qe3 Bh6 16. g3 Bxf3 17. Bxf3 fxe5 18. Qxe5 Bg7 19. Qxd5 Nxd4 20. Bg2 Nf5 21.
Qxd8 Rfxd8 22. Nd5 Rd7 23. Rfd1 Rad8 24. g4 Nd4 25. Kf2 Nc6 26. Bf3 Bxb2 27. Rb1
Bg7 28. h4 Kf8 29. f5 gxf5 30. gxf5 Bd4+ 31. Kg2 Rxd5 32. Bxd5 Rxd5 33. Rxb7
Rxf5 34. Rc7 Rf2+ 35. Kh3 Rf6 36. Rxc6 Rxc6 37. Rxd4 Rc3+ 38. Kg4 Ra3 39. Rd2
Kg7 40. Rg2 Ra5 41. Rc2 h5+ 42. Kf4 Kg6 43. Rg2+ Kf6 44. Rc2 Ra4+ 45. Kg3 Kg6
46. Rd2 f6 47. Rc2 Ra3+ 48. Kf4 Ra4+ 49. Kg3 a5 50. Rd2 Rc4 51. Rd5 Rg4+ 52. Kh3
Ra4 53. Rd2 Ra3+ 54. Kg2 a4 55. Rc2 Rd3 56. Kg1 Rd4 57. Kf2 Rxh4 58. Kf3 Kg5 59.
Rc5+ f5 60. Ra5 Rh3+ 61. Kg2 Ra3 62. Ra6 Rxa2+ 63. Kf3 a3 64. Kg3 Ra1 65. Ra4 a2
66. Kh2 f4 67. Ra3 f3 68. Ra5+ Kf6 69. Ra6+ Ke5 70. Ra5+ Kd4 71. Ra3 f2 0-1

[Event "29th Czech Open A 2018"]
[Site "Pardubice CZE"]
[Date "2018.07.20"]
[Round "1.81"]
[White "Grekh, Andrey"]
[Black "Murko, David"]
[Result "1-0"]
[WhiteTitle "IM"]
[WhiteElo "2400"]
[BlackElo "2149"]
[WhiteFideId "14112418"]
[BlackFideId "14613891"]
[EventDate "2018.07.20"]

1. Nf3 c5 2. e4 d6 3. d4 cxd4 4. Nxd4 Nf6 5. Nc3 g6 6. f3 Bg7 7. Be3 O-O 8. Qd2
Nc6 9. O-O-O d5 10. exd5 Nxd5 11. Nxc6 bxc6 12. Bd4 Bxd4 13. Qxd4 Qb6 14. Na4
Qc7 15. h4 Bf5 16. g4 Be6 17. Nc5 Nf4 18. Na6 Qd6 19. Qxd6 exd6 20. Rd4 Nd5 21.
c4 Ne3 22. Be2 d5 23. c5 Bd7 24. Kd2 Rae8 25. Bd3 f5 26. g5 f4 27. h5 Re5 28.
hxg6 hxg6 29. Rh4 Rxg5 30. Rdxf4 Re8 31. Rh2 Bf5 32. Rfh4 Kg7 33. Nc7 Rg2+ 34.
Rxg2 Nxg2 35. Nxe8+ 1-0

[Event "29th Czech Open A 2018"]
[Site "Pardubice CZE"]
[Date "2018.07.20"]
[Round "1.82"]
[White "Richterova, Natasa"]
[Black "Biriukov, Nikolai"]
[Result "0-1"]
[WhiteTitle "WIM"]
[BlackTitle "IM"]
[WhiteElo "2146"]
[BlackElo "2398"]
[WhiteFideId "350591"]
[BlackFideId "14103842"]
[EventDate "2018.07.20"]

1. e4 c5 2. Nf3 a6 3. d4 cxd4 4. Nxd4 Nf6 5. Bd3 e5 6. Nb3 Bb4+ 7. c3 Be7 8. O-O
O-O 9. c4 d6 10. Nc3 Be6 11. Qe2 b5 12. Nd5 bxc4 13. Nxe7+ Qxe7 14. Bxc4 Bxc4
15. Qxc4 Qb7 16. Re1 Rc8 17. Qe2 h6 18. Bd2 Nbd7 19. h3 Qb5 20. Bc3 Nb6 21. Rad1
Na4 22. Ba5 Rc6 23. Rd2 Rb8 24. Qxb5 Rxb5 25. Bd8 Ne8 26. f3 Kf8 27. Bh4 f6 28.
Bf2 Ke7 29. Red1 Nc7 30. g3 Ke6 31. f4 Ke7 32. Kg2 Ne6 33. Kf3 Nd8 34. fxe5 fxe5
35. Kg4 Nf7 36. Kf5 Rb4 37. Re2 Nh8 38. Be1 Rb8 39. Na5 Rcc8 40. b3 Nc3 41. Bxc3
Rxc3 42. Kg4 Rf8 43. Nc4 h5+ 44. Kxh5 Rxg3 45. Re3 Rg2 46. Nxd6 Rd8 47. Nf5+ Kf6 0-1

[Event "29th Czech Open A 2018"]
[Site "Pardubice CZE"]
[Date "2018.07.20"]
[Round "1.83"]
[White "Rahul, Srivatshav P"]
[Black "Hoellmann, Ludger"]
[Result "1-0"]
[WhiteTitle "IM"]
[WhiteElo "2397"]
[BlackElo "2145"]
[WhiteFideId "25059653"]
[BlackFideId "4606507"]
[EventDate "2018.07.20"]

1. d4 d5 2. Bf4 Nf6 3. e3 e6 4. Nd2 Bd6 5. Bg3 O-O 6. Ngf3 b6 7. Bd3 c5 8. c3
Ba6 9. Qe2 Bxd3 10. Qxd3 Nc6 11. Rd1 Rc8 12. e4 Be7 13. dxc5 Bxc5 14. Qe2 Be7
15. O-O Qe8 16. exd5 Nxd5 17. Ne4 f6 18. Nd6 Bxd6 19. Bxd6 Rf7 20. Rfe1 Rd7 21.
Rxd5 Rcd8 22. Qd1 Qf7 23. Rd2 Na5 24. Bf4 e5 25. Be3 Rxd2 26. Nxd2 Qxa2 27. Qc2
Qd5 28. h3 h6 29. Bxh6 gxh6 30. Qg6+ Kf8 31. Qxf6+ Kg8 32. Re3 Kh7 33. Rxe5 1-0

[Event "29th Czech Open A 2018"]
[Site "Pardubice CZE"]
[Date "2018.07.20"]
[Round "1.84"]
[White "Thrish, Karthik"]
[Black "Chekletsov, Ilya"]
[Result "0-1"]
[BlackTitle "IM"]
[WhiteElo "2145"]
[BlackElo "2395"]
[WhiteFideId "46626433"]
[BlackFideId "24177156"]
[EventDate "2018.07.20"]

1. e4 c5 2. Nf3 d6 3. d4 cxd4 4. Nxd4 Nf6 5. Nc3 g6 6. Be3 Bg7 7. f3 O-O 8. Qd2
Nc6 9. Bc4 Bd7 10. h4 Rc8 11. Bb3 h5 12. O-O-O Nxd4 13. Bxd4 b5 14. Bxf6 Bxf6
15. Qh6 e6 16. Rxd6 Qe7 17. Rhd1 Be8 18. f4 a5 19. Nd5 exd5 20. Bxd5 Rc5 21. e5
Rxd5 22. R1xd5 Bxh4 23. Rd3 Qa7 24. Rd1 Qe3+ 25. Kb1 Bg3 26. R6d4 Bc6 27. Rd8
Re8 28. e6 Qxe6 29. f5 Qxf5 30. Rxe8+ Bxe8 31. Qe3 Be5 32. Re1 f6 33. Qb3+ Kg7
34. Qe3 a4 35. Qa7+ Qd7 36. Qc5 Bf7 37. Qe3 Qd5 38. b3 axb3 39. axb3 b4 40. Qe4
Qa5 0-1

[Event "29th Czech Open A 2018"]
[Site "Pardubice CZE"]
[Date "2018.07.20"]
[Round "1.85"]
[White "Lalic, Bogdan"]
[Black "Cramling Bellon, Anna"]
[Result "1-0"]
[WhiteTitle "GM"]
[BlackTitle "WFM"]
[WhiteElo "2394"]
[BlackElo "2142"]
[WhiteFideId "409081"]
[BlackFideId "32009232"]
[EventDate "2018.07.20"]

1. d4 Nf6 2. c4 e6 3. Nf3 d5 4. g3 dxc4 5. Bg2 c5 6. O-O Nc6 7. Ne5 Nxe5 8. dxe5
Qxd1 9. Rxd1 Nd7 10. f4 Rb8 11. a4 f6 12. exf6 gxf6 13. Na3 h5 14. Nxc4 Nb6 15.
Ne3 Bd7 16. a5 Nc8 17. b3 Ne7 18. Bb2 Bg7 19. Rac1 b6 20. axb6 axb6 21. Ra1 Nc6
22. Bxc6 Bxc6 23. Rd6 Rc8 24. Ra7 O-O 25. Rxe6 Rf7 26. Rxf7 Kxf7 27. Rd6 Re8 28.
Kf2 Re6 29. Rd1 Bb5 30. Nc4 Bf8 31. e3 Be7 32. f5 Rc6 33. e4 Bxc4 34. bxc4 b5
35. cxb5 Rb6 36. Ke3 Rxb5 37. Bc3 Rb6 38. h3 Bd6 39. g4 hxg4 40. hxg4 Be7 41. g5
fxg5 42. e5 Rh6 43. e6+ Kf8 44. Be5 c4 45. Rb1 Bc5+ 46. Ke4 Rh3 47. f6 Rb3 48.
Rh1 Re3+ 49. Kf5 Rxe5+ 50. Kxe5 Kg8 51. e7 Kf7 52. Rh7+ 1-0

[Event "29th Czech Open A 2018"]
[Site "Pardubice CZE"]
[Date "2018.07.20"]
[Round "1.86"]
[White "Oberhofer, Cedric"]
[Black "Frolov, Artur"]
[Result "1/2-1/2"]
[BlackTitle "IM"]
[WhiteElo "2141"]
[BlackElo "2393"]
[WhiteFideId "12941220"]
[BlackFideId "14100134"]
[EventDate "2018.07.20"]

1. e4 c5 2. Nf3 Nc6 3. d4 cxd4 4. Nxd4 Nf6 5. Nc3 d6 6. Bg5 e6 7. Qd3 a6 8.
O-O-O Bd7 9. f4 h6 10. Bh4 g5 11. fxg5 Ng4 12. Nf3 Be7 13. Qd2 Nge5 14. Be2 Nxf3
15. gxf3 hxg5 16. Bg3 Ne5 17. Kb1 Qc7 18. f4 gxf4 19. Bxf4 O-O-O 20. Bg5 Bc6 21.
h4 f6 22. Bf4 f5 23. h5 fxe4 24. Bxe5 dxe5 25. Qe3 Bf8 26. Rxd8+ Qxd8 27. Rd1
Qc7 28. Bg4 Kb8 29. Nxe4 Bh6 30. Qd3 Bf4 31. b3 Ka7 32. Qc4 Qb6 33. Nc3 Qe3 34.
Qd3 e4 35. Qxe3+ Bxe3 36. Bxe6 Rxh5 37. Bd5 Bxd5 38. Nxd5 Bf2 39. Nf4 Rh2 40.
Kb2 e3 41. Kc3 Bg3 42. Nd3 e2 43. Rg1 Bh4 44. a4 a5 45. Rb1 Kb8 46. Ne1 Rf2 47.
Kd3 Bg5 48. c3 Bh4 49. b4 Bg3 50. Ra1 b5 51. Nc2 bxa4 52. Rxa4 Rh2 53. Ra1 a4
54. Rxa4 e1=Q 55. Nxe1 Bxe1 56. Kc4 Rh3 57. Ra3 Kb7 58. Rb3 Bh4 59. Ra3 Bf6 60.
Rb3 Bg7 61. Ra3 Bh8 62. Rb3 Bf6 63. Ra3 Bg7 64. Rb3 Bh8 65. Ra3 Kb6 66. Rb3 Rh4+
67. Kd5 Kb5 68. Ra3 Rh5+ 69. Kd6 Kc4 70. Ra5 Rh6+ 71. Kc7 Bxc3 72. Rc5+ Kxb4 73.
Rc6 Be5+ 74. Kd7 Rh5 75. Ke6 Bd4 76. Rc1 Bc3 77. Rd1 Kc4 78. Rd6 Kc5 79. Rd8
Re5+ 80. Kf7 Re3 81. Rd7 Be5 82. Ra7 Bd6 83. Ra5+ Kc6 84. Ra7 Kd5 85. Ra5+ Bc5
86. Ra6 Bd4 87. Ra5+ Kd6 88. Rg5 Rf3+ 89. Kg6 Ke6 90. Kh5 Be3 91. Rg6+ Kf7 92.
Rg2 Rf4 93. Rg4 Rf5+ 94. Kh4 Bf4 95. Rg2 Be5 96. Rg4 Rf3 97. Rg2 Ke6 98. Kg4
Rf4+ 99. Kg3 Rf1+ 100. Kg4 Rf8 101. Re2 Ra8 102. Kf3 Kf5 103. Rc2 Ra3+ 104. Ke2
Ke4 105. Rc4+ Bd4 106. Rc2 Ra1 107. Kd2 Rh1 108. Ke2 Rh3 109. Kd2 Rd3+ 110. Ke2
Bc3 111. Ra2 Re3+ 112. Kd1 Kd3 113. Rd2+ Kc4 114. Re2 Rd3+ 115. Kc2 Bd4 116. Rd2
Ra3 117. Kd1 Be3 118. Rc2+ Kd3 119. Rd2+ Ke4 120. Rb2 Rc3 121. Ke2 Bd4 122. Rd2
Rh3 123. Kd1 1/2-1/2

[Event "29th Czech Open A 2018"]
[Site "Pardubice CZE"]
[Date "2018.07.20"]
[Round "1.87"]
[White "Piscopo, Pierluigi"]
[Black "Klecker, Tadeas"]
[Result "1-0"]
[WhiteTitle "IM"]
[WhiteElo "2389"]
[BlackElo "2138"]
[WhiteFideId "809152"]
[BlackFideId "326950"]
[EventDate "2018.07.20"]

1. e4 e5 2. Nf3 Nc6 3. Bc4 Bc5 4. c3 Nf6 5. d4 exd4 6. cxd4 Bb4+ 7. Bd2 Bxd2+ 8.
Nbxd2 Nxe4 9. Nxe4 d5 10. Bd3 dxe4 11. Bxe4 Ne7 12. O-O O-O 13. Re1 c6 14. Qb3
g6 15. Rac1 Qd6 16. Qe3 Bf5 17. Bc2 Rae8 18. Bb3 Bd7 19. Ng5 Kg7 20. Ne4 Qb4 21.
a3 Qa5 22. Rc5 Qb6 23. Qc3 Nc8 24. Re5 f6 25. Nxf6 Rd8 26. Ne4 Bf5 27. Nc5 h5
28. h3 Rd6 29. Bc2 Bxc2 30. Qxc2 Kh7 31. Rxh5+ Kg8 32. Rhe5 a5 33. Re6 Rf6 34.
Rxf6 Qxc5 35. Qxg6+ 1-0

[Event "29th Czech Open A 2018"]
[Site "Pardubice CZE"]
[Date "2018.07.20"]
[Round "1.88"]
[White "Roessler, Ulrike"]
[Black "Bruedigam, Martin"]
[Result "0-1"]
[WhiteTitle "WIM"]
[BlackTitle "IM"]
[WhiteElo "2137"]
[BlackElo "2387"]
[WhiteFideId "4622650"]
[BlackFideId "24608033"]
[EventDate "2018.07.20"]

1. e4 e5 2. Bc4 Nf6 3. d3 Nc6 4. Nf3 Bc5 5. c3 d6 6. Bb3 h6 7. Nbd2 a5 8. a4 O-O
9. h3 Be6 10. g4 Bxb3 11. Nxb3 Nh7 12. g5 h5 13. Nh4 g6 14. Rg1 Bb6 15. Qf3 Ne7
16. Be3 Bxe3 17. fxe3 Qd7 18. Ke2 b5 19. Nd2 bxa4 20. Nc4 Rab8 21. Qg3 d5 22.
exd5 e4 23. dxe4 Qb5 24. Qxc7 Nxd5 25. Qxa5 Qxc4+ 26. Kf3 Rxb2 27. Rae1 Nxc3 28.
Qe5 Qxe4+ 29. Qxe4 Nxe4 30. Nxg6 Re8 0-1

[Event "29th Czech Open A 2018"]
[Site "Pardubice CZE"]
[Date "2018.07.20"]
[Round "1.89"]
[White "Pulpan, Jakub"]
[Black "Jezbera, Jiri"]
[Result "1-0"]
[WhiteTitle "IM"]
[WhiteElo "2386"]
[BlackElo "2136"]
[WhiteFideId "302759"]
[BlackFideId "329185"]
[EventDate "2018.07.20"]

1. Nf3 Nf6 2. b3 g6 3. Bb2 Bg7 4. g3 d6 5. d4 O-O 6. Bg2 c6 7. O-O Qc7 8. Nbd2
Nbd7 9. e4 e5 10. dxe5 dxe5 11. Qe2 Re8 12. a4 b6 13. a5 Ba6 14. Nc4 Nc5 15.
axb6 axb6 16. Bxe5 Rxe5 17. Nfxe5 Re8 18. Nd3 Bxc4 19. bxc4 Ncxe4 20. Rfe1 Nd6
21. Qf3 Nfe4 22. Rad1 f5 23. Nf4 Nxc4 24. Qb3 b5 25. Bf1 Qf7 26. Bxc4 bxc4 27.
Qb6 g5 28. Ng2 Rc8 29. Rd8+ Rxd8 30. Qxd8+ Qf8 31. Qxf8+ Bxf8 32. Ne3 Bc5 33.
Kg2 Bxe3 34. Rxe3 Kf7 35. f3 Nd6 36. Re5 Kf6 37. Rc5 h5 38. Kf2 g4 39. Ke3 gxf3
40. Kxf3 Ne4 41. Rxc6+ Ke5 42. Ke3 Nd6 43. Rxd6 1-0

[Event "29th Czech Open A 2018"]
[Site "Pardubice CZE"]
[Date "2018.07.20"]
[Round "1.90"]
[White "Horacek, Michal"]
[Black "Rakesh, Kumar Jena"]
[Result "0-1"]
[BlackTitle "IM"]
[WhiteElo "2131"]
[BlackElo "2385"]
[WhiteFideId "332526"]
[BlackFideId "5084822"]
[EventDate "2018.07.20"]

1. Nf3 Nf6 2. d4 b6 3. g3 Bb7 4. Bg2 g6 5. O-O Bg7 6. Bg5 O-O 7. Nbd2 d5 8. Bxf6
exf6 9. c4 f5 10. cxd5 Bxd5 11. e3 Nd7 12. Qe2 Qe7 13. Rac1 c5 14. dxc5 Nxc5 15.
Nc4 Rad8 16. b3 Be4 17. Rfd1 Nd3 18. Rc2 b5 19. Na5 Nb4 20. Rcd2 Bc3 21. Rxd8
Rxd8 22. a3 Rxd1+ 23. Qxd1 Nc2 24. Nc6 Qxa3 25. Nfd4 Bxd4 26. Nxd4 Nxd4 27. exd4
Kf8 28. Bxe4 fxe4 29. Kg2 Qb2 30. Kg1 Qc3 31. d5 Qd3 32. Qa1 Qxd5 33. Qxa7 Qe5
34. b4 Kg7 35. h4 e3 36. Kf1 exf2 0-1

[Event "29th Czech Open A 2018"]
[Site "Pardubice CZE"]
[Date "2018.07.20"]
[Round "1.91"]
[White "Vokac, Marek"]
[Black "Peters, Tom"]
[Result "1-0"]
[WhiteTitle "GM"]
[WhiteElo "2384"]
[BlackElo "2130"]
[WhiteFideId "300101"]
[BlackFideId "24694444"]
[EventDate "2018.07.20"]

1. d4 Nf6 2. c4 e6 3. Nf3 b6 4. Bf4 Bb7 5. e3 Be7 6. Nc3 Nh5 7. Bd3 d5 8. Be5
dxc4 9. Bxc4 O-O 10. h3 Nd7 11. Bh2 c5 12. d5 exd5 13. Nxd5 b5 14. Bc7 Qe8 15.
Bxb5 Bxd5 16. Qxd5 Nb6 17. Qd3 c4 18. Bxe8 cxd3 19. Bb5 Bf6 20. Rb1 Rfc8 21.
Bxb6 axb6 22. g4 Bxb2 23. O-O 1-0

[Event "29th Czech Open A 2018"]
[Site "Pardubice CZE"]
[Date "2018.07.20"]
[Round "1.92"]
[White "Polak, Benedikt"]
[Black "Koykka, Pekka"]
[Result "1/2-1/2"]
[BlackTitle "FM"]
[WhiteElo "2126"]
[BlackElo "2382"]
[WhiteFideId "317012"]
[BlackFideId "504319"]
[EventDate "2018.07.20"]

1. Nf3 d5 2. e3 Nf6 3. c4 e6 4. Nc3 c6 5. b3 Bd6 6. Bb2 O-O 7. Qc2 Qe7 8. Be2
Nbd7 9. Rg1 Ba3 10. Bxa3 Qxa3 11. g4 Qd6 12. g5 Ne8 13. h4 f5 14. gxf6 Nexf6 15.
Ng5 Re8 16. h5 h6 17. Nf3 Nf8 18. d4 Re7 19. O-O-O Bd7 20. Ne5 Be8 21. f4 c5 22.
Kb2 cxd4 23. exd4 dxc4 24. bxc4 Rd8 25. c5 Qc7 26. Ne4 Nxe4 27. Qxe4 b6 28. c6
Qd6 29. Rg3 Nh7 30. Ng4 Bxc6 31. Qe5 Kh8 32. Qxd6 Rxd6 33. Ne5 Be8 34. Rc3 Rd8
35. Rdc1 Rb7 36. Rc8 Rb8 37. Rxb8 Rxb8 38. Rc7 Nf6 39. Rxa7 Nxh5 40. Bxh5 Bxh5
41. Nd7 Rd8 42. Kc3 b5 43. Nc5 Rd6 44. Rb7 Be2 45. Re7 b4+ 46. Kxb4 Rxd4+ 47.
Ka5 Bc4 48. Nxe6 Bxe6 49. Rxe6 Rxf4 50. a4 h5 51. Kb5 h4 52. a5 h3 53. a6 h2 54.
Re1 Rf2 55. a7 Ra2 56. Kb6 g5 57. Rh1 Rb2+ 58. Kc7 Rc2+ 59. Kb7 Rb2+ 60. Kc7
Rc2+ 1/2-1/2

[Event "29th Czech Open A 2018"]
[Site "Pardubice CZE"]
[Date "2018.07.20"]
[Round "1.93"]
[White "Khaetsky, Roman"]
[Black "Subramanian, Aditya"]
[Result "1-0"]
[WhiteTitle "IM"]
[WhiteElo "2381"]
[BlackElo "2124"]
[WhiteFideId "14106221"]
[BlackFideId "1718924"]
[EventDate "2018.07.20"]

1. e4 e5 2. Nf3 Nc6 3. Bb5 a6 4. Bxc6 dxc6 5. O-O Ne7 6. Nxe5 Qd4 7. Qh5 g6 8.
Qg5 Bg7 9. Nf3 Qxe4 10. Re1 Qb4 11. a3 Qd6 12. Nc3 h6 13. Qe3 Qe6 14. Qf4 Qd6
15. d4 Be6 16. Ne4 Qxf4 17. Bxf4 O-O-O 18. c3 Nf5 19. Be5 Bxe5 20. Nxe5 Nd6 21.
Nxd6+ cxd6 22. Nxg6 Rhe8 23. Nf4 Bb3 24. f3 c5 25. Kf2 cxd4 26. cxd4 Kd7 27.
Rxe8 Rxe8 28. Rc1 a5 29. Rc3 Ba2 30. g4 f5 31. h3 b5 32. Nh5 Rc8 33. Re3 fxg4
34. Nf6+ Kc6 35. Rc3+ Kb7 36. Nxg4 b4 37. axb4 axb4 38. Rxc8 1-0

[Event "29th Czech Open A 2018"]
[Site "Pardubice CZE"]
[Date "2018.07.20"]
[Round "1.94"]
[White "Chekletsov, Egor"]
[Black "Yelisieiev, Yevhenii"]
[Result "0-1"]
[BlackTitle "FM"]
[WhiteElo "2123"]
[BlackElo "2379"]
[WhiteFideId "24175315"]
[BlackFideId "14139642"]
[EventDate "2018.07.20"]

1. d4 Nf6 2. c4 d6 3. Nc3 Nbd7 4. b3 e5 5. Bb2 c6 6. e3 Be7 7. g3 O-O 8. Bg2 Qc7
9. Nge2 Re8 10. O-O Nf8 11. Rc1 Bd7 12. e4 Qb8 13. Qd2 a6 14. f4 b5 15. Nd1 Ng6
16. fxe5 dxe5 17. dxe5 Nxe5 18. Bxe5 Qxe5 19. Rxf6 Qxf6 20. Qxd7 Rad8 21. Qg4
Ba3 22. Rb1 Bc5+ 23. Kh1 b4 24. Nb2 Rd2 25. Na4 Ba7 26. Rf1 Qg6 27. Qf3 Red8 28.
Nf4 Qf6 29. c5 Bb8 30. Nb6 Rxa2 31. Nc4 Ra1 32. h3 Rxf1+ 33. Qxf1 Qc3 34. e5
Bxe5 35. Nxe5 Qxe5 36. Qxa6 Qxc5 37. h4 Qc3 38. Kh2 Qxb3 39. Qxc6 h6 40. Bd5
Qb2+ 41. Kh3 Qf6 42. Qb7 Qf5+ 43. Kg2 g5 44. hxg5 hxg5 45. Be4 Rd2+ 46. Kf1 Qf6
47. Ke1 Rd8 48. Nd5 Qe5 49. Ne7+ Kf8 50. Nf5 Re8 51. Qxb4+ Kg8 52. Nh6+ Kg7 53.
Nf5+ Qxf5 0-1

[Event "29th Czech Open A 2018"]
[Site "Pardubice CZE"]
[Date "2018.07.20"]
[Round "1.95"]
[White "Reuker, Jari"]
[Black "Zhuravlev, Stepan"]
[Result "1-0"]
[WhiteElo "2377"]
[BlackElo "2121"]
[WhiteFideId "12909300"]
[BlackFideId "34120197"]
[EventDate "2018.07.20"]

1. d4 d5 2. c4 e6 3. Nc3 Nf6 4. cxd5 exd5 5. Bg5 c6 6. e3 Nbd7 7. Bd3 Be7 8. Qc2
Nh5 9. Bxe7 Qxe7 10. O-O-O Nb6 11. Kb1 g6 12. Nf3 Bd7 13. Rc1 O-O-O 14. Na4 Nxa4
15. Qxa4 Kb8 16. Rc3 c5 17. Qa3 Rhe8 18. Qxc5 Qxc5 19. Rxc5 Be6 20. Rhc1 Re7 21.
h3 Ng7 22. g4 h5 23. Ne5 hxg4 24. hxg4 Rh8 25. f3 Rh3 26. Bb5 g5 27. Bd7 a6 28.
Bxe6 Nxe6 29. Rxd5 f6 30. Rd7 Re8 31. Nc4 Rxf3 32. Nd6 Rh8 33. d5 Nd8 34. Rc8+
Ka7 35. Rcxd8 Rh1+ 36. Kc2 Rh2+ 37. Kc3 Rxe3+ 38. Kd4 1-0